000
00324nam a22001097a 4500
082
_a
891.433/CHO
100
_a
चौबे ,संतोष
245
_a
क्या पता कामरेड मोहन
260
_a
भोपाल
_b
आईसेक्ट
_c
2025
650
_a
उपन्यास
942
_c
HIN
999
_c
68807
_d
68807